| 000 -LEADER |
| fixed length control field |
01272 a2200313 4500 |
| 003 - CONTROL NUMBER IDENTIFIER |
| control field |
OSt |
| 005 - DATE AND TIME OF LATEST TRANSACTION |
| control field |
20180116192326.0 |
| 008 - FIXED-LENGTH DATA ELEMENTS--GENERAL INFORMATION |
| fixed length control field |
110810t2005 xxu||||| |||| 00| 0 eng d |
| 010 ## - LIBRARY OF CONGRESS CONTROL NUMBER |
| LC control number |
2006271801 |
| 020 ## - INTERNATIONAL STANDARD BOOK NUMBER |
| International Standard Book Number |
3764372710 (English ed. : hd. bd. : alk. paper) |
| 020 ## - INTERNATIONAL STANDARD BOOK NUMBER |
| International Standard Book Number |
9783764372712 |
| 035 ## - SYSTEM CONTROL NUMBER |
| System control number |
(CStRLIN)PASGA2946627-B |
| 035 ## - SYSTEM CONTROL NUMBER |
| System control number |
(PSt) (Sirsi) a2946627 |
| 040 ## - CATALOGING SOURCE |
| Transcribing agency |
0 |
| 082 ## - DEWEY DECIMAL CLASSIFICATION NUMBER |
| Classification number |
720.40904 |
| 245 10 - TITLE STATEMENT |
| Title |
Building simply / |
| Statement of responsibility, etc. |
Christian Schittich (ed.) ; with essays contributed by Florian Musso ... [et al.] ; [translation, German/English, Catherine Anderle-Neill]. |
| 246 30 - VARYING FORM OF TITLE |
| Title proper/short title |
In detail : |
| Remainder of title |
building simply |
| 260 ## - PUBLICATION, DISTRIBUTION, ETC. |
| Place of publication, distribution, etc. |
München : |
| Name of publisher, distributor, etc. |
Edition Detail, Institut für internationale Architektur-Dokumentation ; |
| Place of publication, distribution, etc. |
Basel [Switzerland] ; |
| -- |
Boston : |
| Name of publisher, distributor, etc. |
Birkhäuser, |
| Date of publication, distribution, etc. |
c2005. |
| 300 ## - PHYSICAL DESCRIPTION |
| Extent |
176 p. : |
| Other physical details |
ill. (some col.) ; |
| Dimensions |
31 cm. |
| 440 #0 - SERIES STATEMENT/ADDED ENTRY--TITLE |
| Title |
In detail |
| 9 (RLIN) |
28 |
| 650 #0 - SUBJECT ADDED ENTRY--TOPICAL TERM |
| Topical term or geographic name entry element |
Architecture, Modern |
| Chronological subdivision |
20th century. |
| 9 (RLIN) |
29 |
| 650 #0 - SUBJECT ADDED ENTRY--TOPICAL TERM |
| Topical term or geographic name entry element |
Architecture, Modern |
| Chronological subdivision |
21st century. |
| 9 (RLIN) |
30 |
| 650 #0 - SUBJECT ADDED ENTRY--TOPICAL TERM |
| Topical term or geographic name entry element |
Simplicity in architecture. |
| 9 (RLIN) |
31 |
| 650 #0 - SUBJECT ADDED ENTRY--TOPICAL TERM |
| Topical term or geographic name entry element |
Small buildings. |
| 9 (RLIN) |
32 |
| 700 1# - ADDED ENTRY--PERSONAL NAME |
| Personal name |
Schittich, Christian. |
| 9 (RLIN) |
33 |
| 700 1# - ADDED ENTRY--PERSONAL NAME |
| Personal name |
Musso, Florian, |
| Dates associated with a name |
1956- |
| 9 (RLIN) |
34 |
| 942 ## - ADDED ENTRY ELEMENTS (KOHA) |
| Institution code [OBSOLETE] |
SADA |
| Koha item type |
Book |
| Call number prefix |
720.40904 SCH 2005 |
| Source of classification or shelving scheme |
|